[Event "AUTO-OPEN-2260"]
[Site "http://www.queenalice.com/game.php?id=898389"]
[Date "2011.2.10"]
[Round "1"]
[White "sockmonster"]
[Black "alexandre35"]
[Result "1-0"]
[WhiteElo "1360"]
[BlackElo "1633"]

1. d4 Nf6 2. c4 g6 3. Nc3 d5 4. Bg5 Bg7 5. Nf3 c5 6. dxc5 O-O 7. e4 dxe4 8. Ne5
Qa5 9. Be3 Nc6 10. Nxc6 bxc6 11. Be2 Be6 12. Qd2 Rad8 13. Qc2 Ng4 14. Bxg4 Bxc4
15. Qxe4 Bd5 16. Qc2 Bxg2 17. Rg1 Be4 18. Qb3 Bd5 19. Qc2 f5 20. Bh3 1-0

[Event "AUTO-OPEN-2260"]
[Site "http://www.queenalice.com/game.php?id=898390"]
[Date "2011.2.10"]
[Round "1"]
[White "alexandre35"]
[Black "Prosperidade"]
[Result "0-1"]
[WhiteElo "1662"]
[BlackElo "2105"]

1. Nf3 d5 2. d4 c5 3. Nc3 cxd4 4. Nxd4 Nf6 5. g3 e5 6. Nb3 Bb4 7. Bg2 d4 8. a3
Bd6 9. Ne4 Nxe4 10. Bxe4 Nd7 11. O-O O-O 12. Qd3 Nf6 13. Bg5 h6 14. Bxf6 Qxf6
15. c4 Rb8 16. c5 Be7 17. Rac1 Be6 18. c6 bxc6 19. Nc5 Bxc5 20. Rxc5 Rxb2 21.
Rfc1 Rb3 22. Qa6 Qe7 23. Rxc6 Qxa3 24. Ra1 Qxa6 25. Rcxa6 Bc4 26. Rxa7 Bxe2 27.
R7a5 Rb5 28. Rxb5 Bxb5 29. Ra5 Rb8 0-1

[Event "AUTO-OPEN-2260"]
[Site "http://www.queenalice.com/game.php?id=898391"]
[Date "2011.2.10"]
[Round "1"]
[White "Prosperidade"]
[Black "alexandre35"]
[Result "1-0"]
[WhiteElo "2078"]
[BlackElo "1588"]

1. d4 d5 2. c4 dxc4 3. Nc3 e6 4. e4 Bb4 5. Bxc4 Ne7 6. Nf3 Bxc3+ 7. bxc3 Nbc6 8.
O-O Na5 9. Bd3 O-O 10. Bg5 h6 11. Bh4 g5 12. Bg3 f5 13. Be5 fxe4 14. Bxe4 Nc4
15. h3 Nf5 16. Bh2 Qf6 17. Bxc7 Nfe3 18. fxe3 Nxe3 19. Qd3 Nxf1 20. Rxf1 Qf4 21.
Bxf4 Rxf4 22. Bh7+ 1-0

[Event "AUTO-OPEN-2260"]
[Site "http://www.queenalice.com/game.php?id=898392"]
[Date "2011.2.10"]
[Round "1"]
[White "alexandre35"]
[Black "Tigrao"]
[Result "0-1"]
[WhiteElo "1674"]
[BlackElo "1764"]

1. Nf3 Nc6 2. d4 d5 3. g3 e6 4. Bg2 Bd6 5. Nc3 Nf6 6. O-O O-O 7. Bg5 Be7 8. a3
h6 9. Be3 Ng4 10. Bc1 Na5 11. e4 dxe4 12. Nxe4 b6 13. b4 Nc4 14. h3 Nf6 15.
Nxf6+ Bxf6 16. Ne5 Ba6 17. Nxc4 Bxc4 18. Re1 Bxd4 19. Bxa8 Bxa1 20. Bg2 Bf6 21.
Qg4 Qd4 22. Qxd4 Bxd4 23. Re4 Rd8 24. Be3 Bd5 25. Rxd4 c6 26. c4 c5 27. cxd5
cxd4 28. Bxd4 exd5 29. Bf1 f6 30. Bb5 Kf7 31. Bc6 Ke6 32. b5 Kd6 33. Kg2 Rc8 34.
Kf3 Rxc6 35. bxc6 Kxc6 36. Kf4 a5 37. Kf5 b5 38. Kg6 b4 39. Kxg7 Kb5 40. Kxf6
Kc4 41. Ba1 d4 42. f4 d3 0-1

[Event "AUTO-OPEN-2260"]
[Site "http://www.queenalice.com/game.php?id=898393"]
[Date "2011.2.10"]
[Round "1"]
[White "Tigrao"]
[Black "alexandre35"]
[Result "1/2-1/2"]
[WhiteElo "1811"]
[BlackElo "1674"]

1. e4 c5 2. Bc4 d6 3. Nf3 Nf6 4. d3 a6 5. O-O b5 6. Bb3 Nc6 7. c3 e6 8. Re1 Be7
9. a4 Bb7 10. Bg5 O-O 11. c4 b4 12. Nbd2 e5 13. Nh4 h6 14. Bxf6 Bxf6 15. Nf5 Nd4
16. Nxd4 exd4 17. Qg4 Bg5 18. f4 Bc8 19. Qg3 Bh4 20. Qf3 Bxe1 21. Rxe1 Qh4 22.
Qf2 Qxf2+ 23. Kxf2 f5 24. Bd1 a5 25. Bf3 g5 26. exf5 Bxf5 27. Bxa8 Rxa8 28. Ne4
Rd8 29. fxg5 Rf8 30. Kg3 hxg5 31. Nxd6 Bxd3 32. Nb7 Bxc4 33. Nxc5 d3 34. Rd1 Rd8
35. Ne4 Bb3 36. Rd2 Kf7 37. Nxg5+ Kg6 38. Nf3 Bxa4 39. Ne1 Bc2 40. Nxc2 dxc2 41.
Rxc2 a4 42. Rc6+ Kf7 43. Rc7+ Ke8 44. Rc4 a3 45. Rxb4 Rd3+ 46. Kf4 a2 47. Ra4
Rd4+ 48. Rxd4 a1=Q 49. Re4+ Kf7 50. h3 Qc1+ 51. Kf3 Qxb2 52. Rf4+ Kg6 53. Rg4+
Kh5 54. Kg3 Qb8+ 55. Kf3 Qb3+ 56. Kf2 Qb6+ 57. Kg3 Qb3+ 58. Kh2 Qb8+ 59. Kg1
1/2-1/2

[Event "Challenge"]
[Site "http://www.queenalice.com/game.php?id=903454"]
[Date "2011.2.21"]
[Round "-"]
[White "nuage"]
[Black "alexandre35"]
[Result "0-1"]
[WhiteElo "1613"]
[BlackElo "1660"]

1. e4 c5 2. c3 e6 3. d4 Nf6 4. d5 exd5 5. Bg5 dxe4 6. Qe2 d5 7. Qb5+ Nc6 8. Be2
a6 9. Qb3 Be7 10. c4 Nd4 11. Qa4+ Bd7 12. Qd1 O-O 13. Nc3 b5 14. cxd5 Nxe2 15.
Ngxe2 h6 16. Bf4 Bf5 17. Ng3 Bd6 18. Nce2 Bxf4 19. Nxf4 Qd7 20. O-O e3 21. fxe3
Ne4 22. Nxf5 Qxf5 23. Nd3 Qg5 24. Qf3 Nd2 25. Qf2 Ne4 26. Qf4 Qe7 27. Ne5 Ng5
28. Nc6 Qe4 29. d6 Qxc6 30. Rad1 Ne6 31. Qe5 Ng5 32. d7 Rad8 33. Rd6 Qc7 34.
Rfd1 Qa5 35. Qd5 Ne6 36. Rf1 c4 37. Qc6 c3 38. b3 b4 39. Rfd1 Qb5 40. Qxa6 Qxa6
41. Rxa6 Nc5 42. Rb6 c2 43. Rc1 Rxd7 44. Rxc2 Ne4 45. Rxb4 Rd1# 0-1

[Event "Challenge"]
[Site "http://www.queenalice.com/game.php?id=906643"]
[Date "2011.2.28"]
[Round "-"]
[White "alexandre35"]
[Black "nuage"]
[Result "1-0"]
[WhiteElo "1658"]
[BlackElo "1662"]

1. e4 e5 2. f4 exf4 3. Nf3 Bc5 4. d4 Bb6 5. Bc4 Qe7 6. O-O Nf6 7. Nc3 Nxe4 8.
Nxe4 Qxe4 9. Re1 Bxd4+ 10. Qxd4 Qxe1+ 11. Nxe1 Nc6 12. Qxg7 Rf8 13. Bxf4 d6 14.
Nf3 Nb4 15. Re1+ Be6 16. Bxe6 fxe6 17. Rxe6+ 1-0

[Event "Challenge"]
[Site "http://www.queenalice.com/game.php?id=906644"]
[Date "2011.2.28"]
[Round "-"]
[White "nuage"]
[Black "alexandre35"]
[Result "1-0"]
[WhiteElo "1542"]
[BlackElo "1679"]

1. Nf3 Nf6 2. g3 d5 3. d4 e6 4. Bg2 c5 5. O-O Be7 6. Ne5 Nc6 7. f4 O-O 8. Nc3
Nxd4 9. e3 Nc6 10. b3 Nxe5 11. fxe5 Nd7 12. Qh5 d4 13. exd4 cxd4 14. Ne4 Nxe5
15. Qxe5 f5 16. Nd2 Bf6 17. Qc5 d3 18. cxd3 Bxa1 19. Nc4 Bd4+ 20. Qxd4 Qxd4+ 21.
Be3 Qxd3 22. Bc5 Rd8 23. Ne5 Bd7 24. Nxd3 Bb5 25. Rd1 Bxd3 26. Bxb7 Rab8 27. Bf3
e5 28. Be7 Rd7 29. Bg5 e4 30. Bf4 Rc8 31. Bg2 Rc2 32. Bh3 Rxa2 33. Bxf5 Bb5 34.
Bxd7 Bxd7 35. Rxd7 1-0

[Event "AUTO-OPEN-2130"]
[Site "http://www.queenalice.com/game.php?id=908911"]
[Date "2011.3.5"]
[Round "2"]
[White "Gil"]
[Black "alexandre35"]
[Result "1-0"]
[WhiteElo "2306"]
[BlackElo "1652"]

1. d4 Nf6 2. Nf3 d5 3. e3 e6 4. c4 Bb4+ 5. Bd2 Nc6 6. Bxb4 Nxb4 7. Qa4+ Nc6 8.
Ne5 Bd7 9. Nxd7 Qxd7 10. Nc3 O-O 11. cxd5 exd5 12. Bb5 a6 13. Bxc6 bxc6 14. O-O
Rab8 15. Rab1 Ne4 16. Nxe4 dxe4 17. Qxa6 Rb6 18. Qc4 Rfb8 19. b3 Rb4 20. Qc2 Qd5
21. Rfc1 R4b6 22. Qc5 Qxc5 23. Rxc5 f5 24. Rxf5 Ra8 25. Rb2 Rb5 26. Rf4 Rc5 27.
dxc5 1-0

[Event "AUTO-OPEN-2130"]
[Site "http://www.queenalice.com/game.php?id=908912"]
[Date "2011.3.5"]
[Round "2"]
[White "alexandre35"]
[Black "Gil"]
[Result "0-1"]
[WhiteElo "1650"]
[BlackElo "2307"]

1. e4 e6 2. d4 d5 3. Nc3 c5 4. e5 Nc6 5. Nf3 cxd4 6. Nxd4 Nxe5 7. Bf4 Bd6 8.
Bb5+ Bd7 9. Bxd7+ Qxd7 10. Ndb5 Nf6 11. Nxd6+ Qxd6 12. Qe2 Nfd7 13. Nb5 Nd3+ 14.
cxd3 Qxf4 15. O-O O-O 16. Rac1 Rac8 17. g3 Qxc1 18. Rxc1 Rxc1+ 19. Kg2 a6 20.
Qd2 Ra1 21. Qb4 axb5 22. Qxb5 Ne5 23. Qxb7 Rxa2 24. d4 Nc4 25. b3 Nd6 26. Qb4
Ne4 27. Kh3 Nxf2+ 0-1

[Event "AUTO-OPEN-2130"]
[Site "http://www.queenalice.com/game.php?id=908921"]
[Date "2011.3.5"]
[Round "2"]
[White "alexandre35"]
[Black "shmurtz91"]
[Result "0-1"]
[WhiteElo "1648"]
[BlackElo "1914"]

1. e4 Nf6 2. e5 Nd5 3. c4 Nb4 4. a3 N4c6 5. Nf3 d6 6. exd6 Qxd6 7. d4 e6 8. Be3
Be7 9. Nc3 Bf6 10. d5 Ne5 11. Bf4 O-O 12. Qe2 exd5 13. Nxd5 Re8 14. O-O-O Nbc6
15. Nxf6+ Qxf6 16. Bxe5 Nxe5 17. Nxe5 Bf5 18. f4 Qh6 19. g3 f6 20. g4 Rxe5 21.
Qf3 Be4 0-1

[Event "AUTO-OPEN-2130"]
[Site "http://www.queenalice.com/game.php?id=908922"]
[Date "2011.3.5"]
[Round "2"]
[White "shmurtz91"]
[Black "alexandre35"]
[Result "1-0"]
[WhiteElo "1908"]
[BlackElo "1658"]

1. e4 e5 2. Nc3 Nf6 3. Nf3 Bc5 4. Nxe5 d6 5. Nc4 O-O 6. d4 Nxe4 7. Nxe4 Bb4+ 8.
c3 d5 9. cxb4 dxc4 10. Be3 Bf5 11. Ng3 Nc6 12. Nxf5 Qd5 13. Ng3 Rfe8 14. a3 Qxd4
15. Qxd4 Nxd4 16. O-O-O Nb3+ 17. Kc2 Rad8 18. Bxc4 Rxd1 19. Rxd1 1-0

[Event "AUTO-OPEN-2130"]
[Site "http://www.queenalice.com/game.php?id=908923"]
[Date "2011.3.5"]
[Round "2"]
[White "alexandre35"]
[Black "Parma"]
[Result "0-1"]
[WhiteElo "1545"]
[BlackElo "1923"]

1. e4 c5 2. Nc3 d6 3. g3 e5 4. Bg2 Nf6 5. d3 Be7 6. Nf3 O-O 7. O-O Nc6 8. Nd5
Bg4 9. c3 b5 10. h3 Be6 11. Be3 h6 12. d4 exd4 13. cxd4 c4 14. Nxe7+ Nxe7 15. d5
Bd7 16. Nd4 Rc8 17. f4 a6 18. e5 dxe5 19. Nc6 Nxc6 20. dxc6 Bxc6 21. fxe5 Bxg2
22. Rxf6 Qxd1+ 0-1

[Event "AUTO-OPEN-2130"]
[Site "http://www.queenalice.com/game.php?id=908924"]
[Date "2011.3.5"]
[Round "2"]
[White "Parma"]
[Black "alexandre35"]
[Result "1-0"]
[WhiteElo "1994"]
[BlackElo "1643"]

1. d4 Nf6 2. e3 d5 3. Nf3 c5 4. c4 Nc6 5. cxd5 Nxd5 6. dxc5 e6 7. Bd2 Bxc5 8.
Bb5 O-O 9. Bxc6 bxc6 10. O-O Nf6 11. Bc3 Ba6 12. Re1 Qb6 13. Bxf6 gxf6 14. b3
Rad8 15. Qc1 Rd5 16. Nc3 Rd3 17. Na4 Qb5 18. Nxc5 Rfd8 19. Nxd3 Rxd3 20. Nd4 Qb7
21. Qxc6 1-0

[Event "Challenge"]
[Site "http://www.queenalice.com/game.php?id=914771"]
[Date "2011.3.19"]
[Round "-"]
[White "nuage"]
[Black "alexandre35"]
[Result "1-0"]
[WhiteElo "1500"]
[BlackElo "1564"]

1. e4 e5 2. Nf3 f5 3. d3 Nf6 4. Bg5 Bc5 5. Nxe5 d6 6. Nc4 O-O 7. Be2 fxe4 8. O-O
h6 9. Bf4 d5 10. Ne5 Bd4 11. Ng6 Rf7 12. c3 Bb6 13. d4 c5 14. Na3 Nc6 15. Nb5 a6
16. Nd6 Bc7 17. Nxf7 Kxf7 18. Bh5 Kg8 19. Bg3 1-0

[Event "AUTO-OPEN-2311"]
[Site "http://www.queenalice.com/game.php?id=917642"]
[Date "2011.3.26"]
[Round "1"]
[White "Famelo"]
[Black "alexandre35"]
[Result "1-0"]
[WhiteElo "2199"]
[BlackElo "1635"]

1. f4 d5 2. Nf3 Nf6 3. e3 e6 4. d4 Be7 5. Bd3 O-O 6. O-O c5 7. c3 c4 8. Bc2 b5
9. Ne5 Bb7 10. Rf3 Nc6 11. Nd2 Ne4 12. Rh3 1-0

[Event "AUTO-OPEN-2311"]
[Site "http://www.queenalice.com/game.php?id=917643"]
[Date "2011.3.26"]
[Round "1"]
[White "alexandre35"]
[Black "Famelo"]
[Result "0-1"]
[WhiteElo "1637"]
[BlackElo "2198"]

1. e4 d6 2. d4 Nf6 3. Nc3 g6 4. h4 Bg7 5. Nf3 O-O 6. Be3 Nc6 7. Qd2 Ng4 8. h5
Nxe3 9. fxe3 e5 10. O-O-O Bg4 11. hxg6 fxg6 12. Bc4+ Kh8 0-1

[Event "AUTO-OPEN-2311"]
[Site "http://www.queenalice.com/game.php?id=917672"]
[Date "2011.3.26"]
[Round "1"]
[White "alexandre35"]
[Black "kasker"]
[Result "0-1"]
[WhiteElo "1641"]
[BlackElo "2482"]

1. e4 c5 2. Nc3 e6 3. g3 d5 4. d3 Nc6 5. exd5 exd5 6. Bg2 Nf6 7. Nge2 Be7 8. O-O
d4 9. Ne4 Nxe4 10. Bxe4 Bg4 0-1